000
00298 a2200145 4500
001
48625
040
_c
Anchieta - Bela Vista
100
_a
Muniz, Flávia
240
1
0
_a
Tique-taque
_l
por
245
1
0
_a
Tique-taque
300
_a
14
362
0
_a
2017
650
4
_a
Literatura infantil
942
_c
BK
999
_c
48625
_d
48625